UM Logo

Mindful teaching with technology : (Record no. 18082)

MARC details
000 -LEADER
fixed length control field 03053cam a2200529 i 4500
001 - CONTROL NUMBER
control field 22979424
005 - DATE AND TIME OF LATEST TRANSACTION
control field 20230503164623.0
008 - FIXED-LENGTH DATA ELEMENTS--GENERAL INFORMATION
fixed length control field 230217t20222022nyua b 001 0 eng d
010 ## - LIBRARY OF CONGRESS CONTROL NUMBER
LC control number 2022279272
015 ## - NATIONAL BIBLIOGRAPHY NUMBER
National bibliography number GBC1G5851
Source bnb
016 7# - NATIONAL BIBLIOGRAPHIC AGENCY CONTROL NUMBER
Record control number 020349484
Source Uk
020 ## - INTERNATIONAL STANDARD BOOK NUMBER
International Standard Book Number 1462548040
020 ## - INTERNATIONAL STANDARD BOOK NUMBER
International Standard Book Number 9781462548040
020 ## - INTERNATIONAL STANDARD BOOK NUMBER
International Standard Book Number 1462548032
020 ## - INTERNATIONAL STANDARD BOOK NUMBER
International Standard Book Number 9781462548033
020 ## - INTERNATIONAL STANDARD BOOK NUMBER
Canceled/invalid ISBN 9781462548071 (ebook)
020 ## - INTERNATIONAL STANDARD BOOK NUMBER
Canceled/invalid ISBN 9781462548057 (ebook)
020 ## - INTERNATIONAL STANDARD BOOK NUMBER
Canceled/invalid ISBN 9781462548064 (ebook)
035 ## - SYSTEM CONTROL NUMBER
System control number (OCoLC)on1252763098
040 ## - CATALOGING SOURCE
Original cataloging agency YDX
Language of cataloging eng
Transcribing agency YDX
Description conventions rda
Modifying agency BDX
-- UKMGB
-- OCLCF
-- CDX
-- OCLCO
-- EAU
-- DLC
042 ## - AUTHENTICATION CODE
Authentication code lccopycat
043 ## - GEOGRAPHIC AREA CODE
Geographic area code n-us---
050 00 - LIBRARY OF CONGRESS CALL NUMBER
Classification number LB1631
Item number .H4944 2022
082 04 - DEWEY DECIMAL CLASSIFICATION NUMBER
Classification number 2022
Edition number DC 428.0071273
Item number H529
100 1# - MAIN ENTRY--PERSONAL NAME
Personal name Hicks, Troy,
Relator term author.
9 (RLIN) 48371
245 10 - TITLE STATEMENT
Title Mindful teaching with technology :
Remainder of title digital diligence in the English language arts, grades 6-12 /
Statement of responsibility, etc. Troy Hicks ; foreword by Lesley Mandel Morrow.
260 ## - PUBLICATION, DISTRIBUTION, ETC. (IMPRINT)
Place of publication, distribution, etc. New York :
Name of publisher, distributor, etc. The Guilford Press,
Date of publication, distribution, etc. ©2022.
300 ## - PHYSICAL DESCRIPTION
Extent xvi, 224 pages :
Other physical details illustrations ;
Dimensions 26 cm
504 ## - BIBLIOGRAPHY, ETC. NOTE
Bibliography, etc Includes bibliographical references (pages 203-218) and index.
520 ## - SUMMARY, ETC.
Summary, etc. Technology is integral to teaching in the English language arts, whether in-person, hybrid, or remote. In this indispensable gudie, Troy Hicks shows how to teach and model "digital diligence"--an alert, intentional stance that helps both teachers and students use technology productively, ethically, and responsibly. Resources and lesson ideas are presented to build adolescents' skills for protecting online privacy, minimizing digital distraction, breaking through "filter bubbles," fostering civil conversations, evaluating information on the Internet, creating meaningful digital writing, and deeply engaging with multimedia texts. Dozens of websites, apps, and other tools are reviewed, with links provided at the companion website; end-of-chapter teaching points and guiding questions facilitate learning and application--back cover.
650 #0 - SUBJECT ADDED ENTRY--TOPICAL TERM
Topical term or geographic name as entry element Language arts (Secondary)
Geographic subdivision United States.
9 (RLIN) 48372
650 #0 - SUBJECT ADDED ENTRY--TOPICAL TERM
Topical term or geographic name as entry element English language
General subdivision Study and teaching (Secondary)
Geographic subdivision United States.
9 (RLIN) 48373
650 #0 - SUBJECT ADDED ENTRY--TOPICAL TERM
Topical term or geographic name as entry element Educational technology
Geographic subdivision United States.
9 (RLIN) 48374
650 #0 - SUBJECT ADDED ENTRY--TOPICAL TERM
Topical term or geographic name as entry element Language arts (Secondary)
Geographic subdivision United States
General subdivision Computer-assisted instruction.
9 (RLIN) 48375
650 #6 - SUBJECT ADDED ENTRY--TOPICAL TERM
Topical term or geographic name as entry element Arts du langage (Secondaire)
Geographic subdivision États-Unis.
9 (RLIN) 48376
650 #6 - SUBJECT ADDED ENTRY--TOPICAL TERM
Topical term or geographic name as entry element Technologie éducative
Geographic subdivision États-Unis.
9 (RLIN) 48377
650 #6 - SUBJECT ADDED ENTRY--TOPICAL TERM
Topical term or geographic name as entry element Arts du langage (Secondaire)
Geographic subdivision États-Unis
General subdivision Enseignement assisté par ordinateur.
9 (RLIN) 48378
650 #7 - SUBJECT ADDED ENTRY--TOPICAL TERM
Topical term or geographic name as entry element Educational technology.
Source of heading or term fast
9 (RLIN) 48379
650 #7 - SUBJECT ADDED ENTRY--TOPICAL TERM
Topical term or geographic name as entry element English language
General subdivision Study and teaching (Secondary)
Source of heading or term fast
9 (RLIN) 1493
650 #7 - SUBJECT ADDED ENTRY--TOPICAL TERM
Topical term or geographic name as entry element Language arts (Secondary)
Source of heading or term fast
9 (RLIN) 48380
650 #7 - SUBJECT ADDED ENTRY--TOPICAL TERM
Topical term or geographic name as entry element Language arts (Secondary)
General subdivision Computer-assisted instruction.
Source of heading or term fast
9 (RLIN) 48381
651 #7 - SUBJECT ADDED ENTRY--GEOGRAPHIC NAME
Geographic name United States.
Source of heading or term fast
9 (RLIN) 39442
776 08 - ADDITIONAL PHYSICAL FORM ENTRY
Relationship information ebook version :
International Standard Book Number 9781462548071
906 ## - LOCAL DATA ELEMENT F, LDF (RLIN)
a 7
b cbc
c copycat
d 2
e ncip
f 20
g y-gencatlg
942 ## - ADDED ENTRY ELEMENTS (KOHA)
Source of classification or shelving scheme Dewey Decimal Classification
Koha item type Circulation
Holdings
Withdrawn status Lost status Source of classification or shelving scheme Damaged status Not for loan Collection code Home library Current library Date acquired Source of acquisition Total Checkouts Full call number Barcode Date last seen Price effective from Koha item type
    Dewey Decimal Classification     Circulation UM Digos College - LIC UM Digos College - LIC 05/03/2023 Purchased   DC 428.0071273 H529 2022 26586 05/15/2025 05/03/2023 Circulation